| 000 | 00769nam a2200217Ia 4500 | ||
|---|---|---|---|
| 005 | 20241129110955.0 | ||
| 008 | 241129s9999||||xx |||||||||||||| ||und|| | ||
| 020 | _a978-93-86081-07-0 | ||
| 037 | _aTB | ||
| 040 |
_aCRL _bhin _cCRL |
||
| 041 |
_ahin _2hin |
||
| 084 |
_aR65,6:g 152Q8 _qCRL |
||
| 100 | _aनिगम, शील, ले. | ||
| 245 | 0 |
_aश्रीमद्भागवत का शैली वैज्ञानिक अनुशीलन _cनिगम, शील, ले. |
|
| 260 |
_aदिल्ली, भारत _bआस्था प्रकाशन _c2018 |
||
| 300 | _a383पृ0 | ||
| 365 |
_aINR _b1100 |
||
| 650 | _aदर्शनशास्त्र | ||
| 942 |
_cTB _hR65,6:g 152Q8 |
||
| 999 |
_c1228356 _d1228356 |
||